Conferencias y discursos sinodales sobre las principales obligaciones de los eclesiásticos (Record no. 8408)
[ view plain ]
| 000 -CABECERA | |
|---|---|
| campo de control de longitud fija | 01745nam a2200277 a 4500 |
| 001 - NÚMERO DE CONTROL | |
| campo de control | BRCA_8756 |
| 005 - FECHA Y HORA DE LA ÚLTIMA TRANSACCIÓN | |
| campo de control | 20190320210409.0 |
| 008 - DATOS DE LONGITUD FIJA--INFORMACIÓN GENERAL | |
| campo de control de longitud fija | 140317s1786----sp-#######---#000-0#spa-# |
| 041 ## - CÓDIGO DE LENGUA | |
| Código de lengua del texto/banda sonora o título independiente | spa |
| 044 ## - CÓDIGO DEL PAÍS DE LA ENTIDAD EDITORA/PRODUCTORA | |
| Código MARC del país | sp |
| 084 ## - OTRO NÚMERO DE CLASIFICACIÓN | |
| Número de clasificación | BE124 |
| Número de documento/Ítem | .M37 1786 |
| 100 1# - ENTRADA PRINCIPAL--NOMBRE DE PERSONA | |
| Nombre de persona | Mallison, Juan Bautista |
| 9 (RLIN) | 21806 |
| 245 10 - MENCIÓN DE TÍTULO | |
| Título | Conferencias y discursos sinodales sobre las principales obligaciones de los eclesiásticos |
| Mención de responsabilidad, etc. | por el ilustrísimo señor D. Juan Bautista Mallison, Padre de la Congregación del Oratorio, uno de los quarenta de la Academia Francesa, y Obispo de Clermont. |
| 250 ## - MENCIÓN DE EDICIÓN | |
| Mención de edición | 2a ed. |
| 260 ## - PUBLICACIÓN, DISTRIBUCIÓN, ETC. | |
| Lugar de publicación, distribución, etc. | Madrid |
| Nombre del editor, distribuidor, etc. | Por la viuda de Ibarra, Hijos y Compañía |
| Fecha de publicación, distribución, etc. | 1786 |
| 300 ## - DESCRIPCIÓN FÍSICA | |
| Extensión | VI, 312 p. (t.12) |
| Dimensiones | 21 x 15 cm |
| 500 ## - NOTA GENERAL | |
| Nota general | Con las licencias necesarias. |
| 500 ## - NOTA GENERAL | |
| Nota general | Con marca de fuego: “Procedencia de la marca: Convento de San Diego de México, D. F.(1). Institución: Orden de Frailes Menores Descalzos. Provincia de San Diego de México. Descripción: Monograma que se desata como: S[an] Die[go]. Observaciones: Las marcas de este convento se diferencian por el motivo que corona al monograma: un diamante, un círculo o una plica. A la marca que consigna David Saavedra le falta el círculo. Ubicación de la marca en el libro: Canto superior; canto inferior” |
| 500 ## - NOTA GENERAL | |
| Nota general | Estado físico: presenta encuadernación en pergamino y algunas hojas manchadas |
| 650 14 - PUNTO DE ACCESO ADICIONAL DE MATERIA--TÉRMINO DE MATERIA | |
| Término de materia o nombre geográfico como elemento de entrada | Sacerdotes |
| Subdivisión general | Derechos y obligaciones |
| Subdivisión cronológica | Obras anteriores a 1800 |
| Subdivisión geográfica | España |
| 9 (RLIN) | 21807 |
| 700 1# - PUNTO DE ACCESO ADICIONAL--NOMBRE DE PERSONA | |
| Nombre de persona | Ibarra, Joaquin (Viuda de) |
| Término indicativo de función/relación | Impresor |
| 9 (RLIN) | 21808 |
| 700 1# - PUNTO DE ACCESO ADICIONAL--NOMBRE DE PERSONA | |
| Nombre de persona | Ibarra, Joaquin (Hijos de) |
| Término indicativo de función/relación | Impresor |
| 9 (RLIN) | 21809 |
| 856 ## - LOCALIZACIÓN Y ACCESO ELECTRÓNICOS | |
| Nombre del host | http://www.marcasdefuego.buap.mx:8180/xmLibris/projects/firebrand/item.jsp?repository=marcas_de_fuego&key=69474dda.xml&num=9 |
| 902 ## - CATALOGADOR | |
| Iniciales | CFM |
| 942 ## - ELEMENTOS DE PUNTO DE ACCESO ADICIONAL (KOHA) | |
| Fuente del sistema de clasificación o colocación | Library of Congress Classification |
| Tipo de ítem Koha | Libros |
| Estado de retiro | Estado de pérdida | Estado dañado | No para préstamo | Localización permanente | Ubicación/localización actual | Fecha de adquisición | Total de préstamos | Signatura topográfica completa | Código de barras | Fecha visto por última vez | Precio válido a partir de | Tipo de ítem Koha |
|---|---|---|---|---|---|---|---|---|---|---|---|---|
| El ejemplar forma parte de la colección y puede ser consultado según las políticas vigentes. | Biblioteca del Museo Franz Mayer (Rogerio Casas-Alatriste) | Biblioteca del Museo Franz Mayer (Rogerio Casas-Alatriste) | 14/03/2017 | BE124 .M37 1786 | CFM00089 | 22/03/2019 | 22/03/2019 | Libros |